| 000 | 01079cam a22002054a 4500 | ||
|---|---|---|---|
| 005 | 20250605163950.0 | ||
| 008 | 250528s ||||||||||||||||||||||||d | ||
| 035 | _a15363 | ||
| 020 | _a814455190 | ||
| 040 |
_aGR-AtMCL _bgre _dGR-AtMCL _eAACR2 |
||
| 245 | 1 | _aImpact Management / Personal Power Strategies for Success | |
| 260 |
_bAddison-Wesley, _c1979 |
||
| 300 | _a154 | ||
| 505 | 0 | _aIntroduction, Impact - What It Is and How It Affects Success, How to Build Big Impact, Personal Qualities That Add to Impact, Impact Add-ons That Rise out of Attitudes, Negatives That Dilute Impact and Are Worth Watching, Getting the Most Out of Impact by Using It Well, A Postcript, Index. | |
| 520 | _aIntroduction, Impact - What It Is and How It Affects Success, How to Build Big Impact, Personal Qualities That Add to Impact, Impact Add-ons That Rise out of Attitudes, Negatives That Dilute Impact and Are Worth Watching, Getting the Most Out of Impact by Using It Well, A Postcript, Index. | ||
| 700 | 1 |
_aLumsden J. George _91265 |
|
| 942 | _cBK | ||
| 999 |
_c950 _d950 |
||